| 000 | 01204cam a2200349 a 4500 | ||
|---|---|---|---|
| 001 | 119652 | ||
| 005 | 20230410115525.0 | ||
| 008 | 940405s1994 enka b 001 0 eng | ||
| 010 | _a94013741 | ||
| 020 | _a1855672480 (hc.) | ||
| 020 | _a185567212X (pbk.) | ||
| 040 |
_aDLC _cDLC _dDLC |
||
| 041 | _aspa | ||
| 043 | _ae------ | ||
| 050 | 1 | 4 |
_aHD5708.85 _b.L848 1994 |
| 082 | 0 | 0 | _a331.13794 |
| 130 | 0 |
_aChomeurs de longue duree. _lEnglish. |
|
| 245 | 1 | 0 |
_aLong-term unemployment / _cedited by Odile Benoit-Guilbot and Duncan Gallie. |
| 260 |
_aLondon ; _aNew York : _bPinter Publishers ; _aNew York : _bDistributed in the United States and Canada by St. Martin's Press, _c1994. |
||
| 300 |
_a182 p. : _bill. ; _c21 cm. |
||
| 440 | 0 | _aSocial change in Western Europe | |
| 500 | _aOriginally published in French under title: Chãomeurs de longue durâee. c1992. | ||
| 504 | _aIncluye referencias bibliográficas (p. [174] -182) e índice. | ||
| 650 | 4 | _aCRV | |
| 650 | 4 | _aColección René Villarreal. | |
| 650 | 0 |
_aHard-core unemployed _zEuropean Union countries. |
|
| 700 | 2 | _aBenoit-Guilbot, Odile. | |
| 700 | 1 | _aGallie, Duncan. | |
| 942 |
_2lcc _cbk |
||
| 946 | _almd | ||
| 999 |
_c42905 _d42905 |
||